LEADER 00936nam0-22002891i-450- 001 990003231480403321 035 $a000323148 035 $aFED01000323148 035 $a(Aleph)000323148FED01 035 $a000323148 100 $a20000920d--------km-y0itay50------ba 101 0 $aita 102 $aIT 200 1 $a<>valutazione del rischio di frode nel ramo assicurativo R.C. auto$euna proposta in logica fuzzy$fdi Gisella Facchinetti, Giovanni Mastroleo 225 1 $aMateriali di discussione$fDipartimento di economia politica. Università di Modena$v319 610 0 $aAssicurazioni 676 $aJ/3 702 1$aFacchinetti,$bGisella 702 1$aMastroleo,$bGiovanni 801 0$aIT$bUNINA$gRICA$2UNIMARC 901 $aBK 912 $a990003231480403321 952 $aPaper$fSES 959 $aSES 996 $aValutazione del rischio di frode nel ramo assicurativo R.C. auto$9449402 997 $aUNINA DB $aING01 LEADER 03113nam 2200601 450 001 9910466602403321 005 20200923020339.0 010 $a2-7592-3411-8 010 $a2-7592-2592-5 035 $a(CKB)3840000000343519 035 $a(Au-PeEL)EBL5255492 035 $a(CaPaEBR)ebr11506038 035 $a(OCoLC)1017736726 035 $a(MiAaPQ)EBC5255492 035 $a(FrMaCLE)OB-quae-39645 035 $a(oapen)https://directory.doabooks.org/handle/20.500.12854/86902 035 $a(PPN)257806849 035 $a(EXLCZ)993840000000343519 100 $a20180301h20172017 uy 0 101 0 $afre 135 $aurcnu|||||||| 181 $2rdacontent 182 $2rdamedia 183 $2rdacarrier 200 10$aScience et territoires de l'ignorance $econfe?rence-de?bat organise?e par le groupe Sciences en questions a? l'INRA de Bordeaux le 30 mai 2016 /$fMathias Girel 210 $aVersailles$cÉditions Quæ$d2017 210 1$aVersailles, [France] :$cE?ditions Quae,$d2017. 210 4$d©2017 215 $a1 online resource (159 pages) 225 1 $aSciences en questions,$x1269-8490 311 $a2-7592-2591-7 320 $aIncludes bibliographical references. 330 $aL?ignorance peut être autre chose que la pure absence de savoir ou que le simple fait d?être privé de connaissances possédées par d?autres : elle peut être surmontée, elle peut aussi être produite. Quels sont les variétés et les modes de l?ignorance, et pourquoi est-il essentiel d?en tenir compte dans les débats environnementaux et sanitaires ? Lorsqu?elle est « produite », comme l?estiment certains, comment l?est-elle ? L?ouvrage répond à ces questions et, au-delà de l?opposition tranchée entre l?ignorance conçue comme front de la science et l?ignorance stratégique, il explore une véritable « zone grise » qui constitue une partie de ce paysage : conflits d?intérêt, débats sur les sources de financement de la recherche, crise de la réplication des expérimentations. Quand et comment peut-on sortir de cette « zone grise » où tout devient indiscernable pour qualifier plus nettement les phénomènes en jeu ? Si nos enquêtes comme nos actions peuvent réussir ou échouer, échouer de manière épisodique ou persistante, sous l?action d?un tiers ou non, dans quels cas est-il raisonnable de relier ces échecs à des intentions ? 410 0$aSciences en questions. 606 $aIgnorance (Theory of knowledge) 610 $aenvironnement 610 $aclimat 610 $asystème d'information 610 $aéthique 610 $aexpertise 610 $aphilosophie 615 0$aIgnorance (Theory of knowledge) 676 $a001.094209031 700 $aGirel$b Mathias$01041276 712 02$aGroupe Sciences en questions, 712 02$aInstitut national de la recherche agronomique (France) 801 0$bMiAaPQ 801 1$bMiAaPQ 801 2$bMiAaPQ 906 $aBOOK 912 $a9910466602403321 996 $aScience et territoires de l'ignorance$92464695 997 $aUNINA LEADER 00867nam0-22003131i-450 001 990007942750403321 005 20250404094028.0 010 $a0-86187-786-1 035 $a000794275 035 $aFED01000794275 035 $a(Aleph)000794275FED01 100 $a20041104d1990----km-y0itay50------ba 101 0 $aeng 102 $aGB 105 $aa-------001yy 200 1 $aForensic phonetics$fJohn Baldwin and Peter French 210 $aLondon and New York$cPinter$d1990 215 $aVII, 141 p.$cill.$d23 cm 610 0 $aFonetica$aLinguaggio giuridico 676 $a363.2 700 1$aBaldwin,$bJohn$0121318 701 1$aFrench,$bPeter$0385284 801 0$aIT$bUNINA$gRICA$2UNIMARC 901 $aBK 912 $a990007942750403321 952 $a414.8 BALD 01$b2025/1884$fFLFBC 959 $aFLFBC 996 $aForensic phonetics$9749419 997 $aUNINA